The 10 Most Populated States in America - Map Quiz - Statistics

General Stats
  • This quiz has been taken 63 times
  • The average score is 7 of 10
Answers on the Map
Answers color-coded by a green-red scale on the quiz's map according to % correct below.
 
Answer Stats
Answer % Correct
California
97%
Florida
97%
Texas
92%
New York
87%
Illinois
74%
Pennsylvania
74%
Ohio
47%
Georgia
37%
North Carolina
26%
Michigan
21%
No matching quizzes found
Score Distribution
Percent of People with Each Score
Percentile by Number Answered
Your Score History
You have not taken this quiz